[Event "Doeberl Cup Minor 47th"]
[Site "Canberra"]
[Date "2009.04.11"]
[Round "4"]
[White "Van Dijk, Mareike"]
[Black "Pretorius, Jean"]
[Result "0-1"]
[WhiteElo "623"]
[BlackElo "986"]
[PlyCount "50"]
[EventDate "2009.04.10"]
[EventType "swiss"]
[EventRounds "6"]
[EventCountry "AUS"]
[SourceTitle "CBM 129 Extra"]
[Source "ChessBase"]
[SourceDate "2009.05.05"]
[SourceVersion "2"]
[SourceVersionDate "2009.05.20"]
[SourceQuality "1"]

1. d4 d5 2. Nf3 e6 3. b3 Nf6 4. g3 Nbd7 5. e3 Ne4 6. Bg2 Be7 7. 0-0 0-0 8. Nfd2 Nef6 9. a3 e5 10. dxe5 Nxe5 11. Bb2 Ng6 12. b4 Be6 13. Qf3 Qd7 14. Nc3 Bh3 15. Rfd1 c6 16. Qe2 h5 17. Nf3 Bd6 18. Rd2 Rae8 19. Qf1 Ne5 20. Bxh3 Nxf3+ 21. Kh1 Ng4 22. Bxg4 hxg4 23. Rdd1 Re6 24. Ne2 Rh6 25. Nd4 Rxh2# 0-1

[Event "Doeberl Cup Minor 47th"]
[Site "Canberra"]
[Date "2009.04.10"]
[Round "2"]
[White "Bourke, Phil"]
[Black "Pretorius, Jean"]
[Result "1-0"]
[WhiteElo "1459"]
[BlackElo "986"]
[PlyCount "52"]
[EventDate "2009.04.10"]
[EventType "swiss"]
[EventRounds "6"]
[EventCountry "AUS"]
[SourceTitle "CBM 129 Extra"]
[Source "ChessBase"]
[SourceDate "2009.05.05"]
[SourceVersion "2"]
[SourceVersionDate "2009.05.20"]
[SourceQuality "1"]

1. e4 d5 2. exd5 Qxd5 3. Nc3 Qa5 4. d4 Nf6 5. g3 c6 6. Bg2 Bf5 7. Nge2 e6 8. 0-0 Bb4 9. a3 Bxc3 10. Nxc3 Nbd7 11. b4 Qc7 12. Bf4 Qd8 13. Qe2 0-0 14. Ne4 Nxe4 15. Bxe4 Re8 16. Rfe1 Nf6 17. Bxf5 exf5 18. Qd3 Qd7 19. Rad1 Nd5 20. Bc1 b5 21. c4 bxc4 22. Qxc4 a5 23. Bd2 axb4 24. Rxe8+ Rxe8 25. Bxb4 Nxb4 26. Qxb4 f4 1-0